日本に就航している旅客航空会社 - Statistics

General Stats
  • This quiz has been taken 478 times
  • The average score is 36 of 113
Answer Stats
Answer % Correct
日本航空
99%
全日本空輸
98%
Peach Aviation
80%
大韓航空
78%
ジェットスター
74%
アメリカン航空
72%
ユナイテッド航空
70%
中国東方航空
67%
中国南方航空
63%
シンガポール航空
63%
ソラシドエア
63%
デルタ航空
62%
カンタス航空
62%
スカイマーク
61%
エミレーツ航空
59%
エールフランス航空
59%
アシアナ航空
58%
AIRDO
58%
スターフライヤー
56%
ハワイアン航空
51%
キャセイパシフィック航空
51%
カタール航空
51%
マレーシア航空
50%
チャイナエアライン
50%
ベトナム航空
48%
中国国際航空
48%
チェジュ航空
47%
春秋航空
47%
フジドリームエアラインズ
45%
ルフトハンザドイツ航空
45%
エバー航空
44%
フィンエアー
44%
ZIPAIR Tokyo
44%
ニュージーランド航空
42%
タイ国際航空
42%
フィリピン航空
41%
日本トランスオーシャン航空
41%
エチオピア航空
40%
ブリティッシュ・エアウェイズ
40%
エティハド航空
39%
天草エアライン
38%
KLMオランダ航空
36%
エア・カナダ
34%
トキエア
33%
エア・インディア
33%
スカンジナビア航空
33%
アエロメヒコ航空
32%
香港航空
30%
ガルーダ・インドネシア航空
30%
日本エアコミューター
30%
北海道エアシステム
29%
エジプト航空
29%
上海航空
28%
ジンエアー
27%
エアプサン
27%
ターキッシュ・エアラインズ
26%
スクート
26%
イベリア航空
26%
ジェイエア
25%
香港エクスプレス
25%
オーストリア航空
25%
エアージャパン
25%
エアアジアX
25%
アイベックスエアラインズ
24%
セブパシフィック航空
23%
スターラックス航空
23%
オリエンタルエアブリッジ
23%
スリランカ航空
22%
ITAエアウェイズ
22%
LOTポーランド航空
22%
ベトジェットエア
21%
深圳航空
21%
海南航空
21%
エアソウル
21%
四川航空
20%
ティーウェイ航空
19%
タイガーエア台湾
19%
吉祥航空
19%
新中央航空
19%
マカオ航空
19%
ジェットスター・ジャパン
18%
MIATモンゴル航空
18%
琉球エアーコミューター
17%
ウズベキスタン航空
17%
ネパール航空
16%
タイ・エアアジア
15%
スプリング・ジャパン
14%
スイスインターナショナルエアラインズ
14%
エル・アル航空
13%
ロイヤルブルネイ航空
13%
エアプレミア
12%
イースター航空
12%
エア・タヒチ・ヌイ
12%
山東航空
11%
エアロK
11%
廈門航空
10%
天津航空
9%
ヴァージン・オーストラリア
9%
ビーマン・バングラデシュ航空
9%
ウエストジェット
9%
フィジー・エアウェイズ
9%
エアカラン
8%
グレーターベイ航空
7%
タイ・エアアジアX
7%
北京首都航空
6%
ジェットスター・アジア
6%
タイ・ベトジェットエア
5%
東邦航空
5%
アエロ・モンゴリア
5%
エアアジア・フィリピン
4%
バティック・エア・マレーシア
4%
タイ・ライオン・エア
3%
長流航空
1%
No matching quizzes found
Score Distribution
Percent of People with Each Score
Percentile by Number Answered
Your Score History
You have not taken this quiz